00311nam a2200109Ia 4500008004100000082000800041100001100049245002200060942000600082952009800088999001500186240331s9999 xx 000 0 und d bPRE aPremji 0aPremji katturegal cL 001040708LaWERCLbWERCLcSSCd2024-03-31l0o 808.84 PREp6403r2024-03-31w2024-03-31yL c4675d4675